[Event "EU-ch Seniors 07th"]
[Site "Hockenheim"]
[Date "2007.06.04"]
[Round "3"]
[White "Ljubarskij, Jurij"]
[Black "Jaenig, Reinhard"]
[Result "0-1"]
[WhiteElo "2301"]
[BlackElo "2176"]
[PlyCount "86"]
[EventDate "2007.06.02"]
[EventType "swiss"]
[EventRounds "9"]
[EventCountry "GER"]
[SourceTitle "CBM 118 Extra"]
[Source "ChessBase"]
[SourceDate "2007.07.04"]
[SourceVersion "1"]
[SourceVersionDate "2007.07.04"]
[SourceQuality "1"]

1. e4 c5 2. Nf3 e6 3. d4 cxd4 4. Nxd4 a6 5. c4 Nf6 6. Nc3 Qc7 7. Bd3 g6 8. 0-0 Bg7 9. Be3 0-0 10. f4 d6 11. h3 Nbd7 12. Qe1 b6 13. Rd1 Bb7 14. Nb3 Rfe8 15. Qf2 Bc6 16. Bb1 b5 17. e5 dxe5 18. fxe5 Qxe5 19. Bf4 Qh5 20. Bd3 g5 21. Be2 Qg6 22. Bd3 Qh5 23. Bh2 g4 24. Be2 Ne5 25. Nd4 Ne4 26. Qf4 Nxc3 27. bxc3 Rf8 28. hxg4 Qg6 29. Nxc6 Nxc6 30. Bd3 Qh6 31. g5 Qh5 32. Rde1 Bxc3 33. Rf3 f5 34. Rh3 Qf7 35. Qd6 Bxe1 36. Qxc6 Bc3 37. cxb5 Rac8 38. Qxa6 Bd4+ 39. Kf1 Ra8 40. Qd6 Rfd8 41. Qc6 Rdc8 42. Qd6 Rxa2 43. Bc4 Rxc4 0-1

[Event "EU-ch Seniors 07th"]
[Site "Hockenheim"]
[Date "2007.06.03"]
[Round "2"]
[White "Jaenig, Reinhard"]
[Black "Chernikov, Oleg L"]
[Result "1-0"]
[WhiteElo "2176"]
[BlackElo "2405"]
[PlyCount "55"]
[EventDate "2007.06.02"]
[EventType "swiss"]
[EventRounds "9"]
[EventCountry "GER"]
[SourceTitle "CBM 118 Extra"]
[Source "ChessBase"]
[SourceDate "2007.07.04"]
[SourceVersion "1"]
[SourceVersionDate "2007.07.04"]
[SourceQuality "1"]

1. e4 c5 2. Nf3 g6 3. d4 cxd4 4. Nxd4 Bg7 5. Nc3 Nc6 6. Be3 Nf6 7. Bc4 Qa5 8. 0-0 d6 9. Bb3 0-0 10. h3 Bd7 11. a3 Nxd4 12. Bxd4 Bc6 13. Nd5 Bxd5 14. exd5 Nd7 15. Bxg7 Kxg7 16. Qd4+ Kg8 17. Rfe1 Rfe8 18. Re3 Nc5 19. Bc4 Qc7 20. Rae1 a6 21. h4 b5 22. Ba2 Qd7 23. h5 f6 24. b4 Nb7 25. hxg6 hxg6 26. c4 Nd8 27. Bb1 Kf7 28. Qh4 1-0

[Event "EU-ch 8th"]
[Site "Dresden"]
[Date "2007.04.11"]
[Round "8"]
[White "Lorscheid, Gerhard"]
[Black "Jaenig, Reinhard"]
[Result "1-0"]
[WhiteElo "2302"]
[BlackElo "2176"]
[PlyCount "61"]
[EventDate "2007.04.03"]
[EventType "swiss"]
[EventRounds "11"]
[EventCountry "GER"]
[SourceTitle "CBM 118"]
[Source "ChessBase"]
[SourceDate "2007.05.31"]
[SourceVersion "1"]
[SourceVersionDate "2007.05.31"]
[SourceQuality "1"]

1. d4 d5 2. c4 c5 3. Nf3 e6 4. Qc2 Nd7 5. g3 Bd6 6. Bg2 Ngf6 7. 0-0 0-0 8. Nbd2 e5 9. cxd5 Nxd5 10. Nc4 Qc7 11. Nxd6 Qxd6 12. a3 exd4 13. Nxd4 N7f6 14. Rd1 Qe5 15. e4 Nb6 16. Bf4 Qh5 17. f3 Re8 18. a4 g5 19. Bd6 g4 20. f4 Bd7 21. a5 Nc8 22. Be5 Qg6 23. Ne2 Re7 24. a6 b5 25. Nd4 Nb6 26. Nf5 Ree8 27. b3 Be6 28. Nd6 Re7 29. f5 Qg5 30. Bf4 Qg7 31. fxe6 1-0

[Event "EU-ch 8th"]
[Site "Dresden"]
[Date "2007.04.03"]
[Round "1"]
[White "Jaenig, Reinhard"]
[Black "Winants, Luc"]
[Result "0-1"]
[WhiteElo "2176"]
[BlackElo "2524"]
[PlyCount "40"]
[EventDate "2007.04.03"]
[EventType "swiss"]
[EventRounds "11"]
[EventCountry "GER"]
[SourceTitle "CBM 118"]
[Source "ChessBase"]
[SourceDate "2007.05.31"]
[SourceVersion "1"]
[SourceVersionDate "2007.05.31"]
[SourceQuality "1"]

1. e4 e5 2. Nf3 Nc6 3. Bb5 a6 4. Bxc6 dxc6 5. Nc3 f6 6. d4 exd4 7. Nxd4 c5 8. Nde2 Qxd1+ 9. Nxd1 Be6 10. Bf4 0-0-0 11. Ne3 Ne7 12. f3 Nc6 13. a3 c4 14. Kf2 Bc5 15. Rhd1 g5 16. Bg3 f5 17. exf5 Bxf5 18. c3 Bd3 19. Ng1 Rhe8 20. Re1 Re7 0-1

[Event "Bad Woerishofen op 23th"]
[Site "Bad Woerishofen"]
[Date "2007.03.14"]
[Round "7"]
[White "Gypser, Andreas"]
[Black "Jaenig, Reinhard"]
[Result "1-0"]
[WhiteElo "2246"]
[BlackElo "2176"]
[PlyCount "65"]
[EventDate "2007.03.08"]
[EventType "swiss"]
[EventRounds "9"]
[EventCountry "GER"]
[SourceTitle "EXT 2008"]
[Source "ChessBase"]
[SourceDate "2007.11.25"]
[SourceVersion "1"]
[SourceVersionDate "2007.11.25"]
[SourceQuality "1"]

1. e4 c5 2. Nf3 e6 3. d4 cxd4 4. Nxd4 Bc5 5. Nb3 Be7 6. Bd3 d6 7. 0-0 Nf6 8. c4 0-0 9. Nc3 a6 10. f4 Nbd7 11. Qe2 Qc7 12. Bd2 b6 13. Rae1 g6 14. e5 dxe5 15. fxe5 Nh5 16. Bh6 Ng7 17. Rf3 Bh4 18. g3 Be7 19. Nd2 Bb7 20. Be4 Bxe4 21. Qxe4 Rac8 22. g4 Qc6 23. Qf4 f6 24. exf6 Rxf6 25. Qe4 Rxf3 26. Qxc6 Rxc6 27. Nxf3 Rxc4 28. h3 Nc5 29. Ne5 Rd4 30. Nc6 Bh4 31. Rf1 Rd6 32. Ne5 Rd8 33. Rf7 1-0

[Event "Bayern-chI Bank Hofmann 10th"]
[Site "Bad Wiessee"]
[Date "2006.11.05"]
[Round "2"]
[White "Dimakiling, Oliver"]
[Black "Jaenig, Reinhard"]
[Result "1-0"]
[WhiteElo "2476"]
[BlackElo "2160"]
[PlyCount "57"]
[EventDate "2006.11.04"]
[EventType "swiss"]
[EventRounds "9"]
[EventCountry "GER"]
[SourceTitle "EXT 2007"]
[Source "ChessBase"]
[SourceDate "2006.11.23"]
[SourceVersion "1"]
[SourceVersionDate "2006.11.23"]
[SourceQuality "1"]

1. d4 d5 2. Nf3 c6 3. e3 Bf5 4. Be2 e6 5. 0-0 Nd7 6. c4 Bd6 7. Nc3 h6 8. c5 Bc7 9. b4 a6 10. Bb2 Ngf6 11. a4 0-0 12. b5 axb5 13. axb5 Rxa1 14. Qxa1 e5 15. Qa4 exd4 16. exd4 Ne4 17. bxc6 bxc6 18. Qxc6 Re8 19. Nxd5 Bb8 20. Ne3 Bg6 21. Bb5 Ndf6 22. d5 Bh5 23. d6 Re6 24. Bc4 Bxf3 25. gxf3 Nd2 26. Bxe6 Nxf1 27. Bxf7+ Kxf7 28. Kxf1 Nh5 29. Qd5+ 1-0

[Event "GER-chT Seniors 15th"]
[Site "Bad Blankenburg"]
[Date "2006.09.07"]
[Round "5.2"]
[White "Walter, Guenter"]
[Black "Jaenig, Reinhard"]
[Result "1/2-1/2"]
[WhiteElo "2259"]
[BlackElo "2178"]
[PlyCount "59"]
[EventDate "2006.09.03"]
[EventType "team-swiss"]
[EventRounds "7"]
[EventCountry "GER"]
[SourceTitle "CBM 114 Extra"]
[Source "ChessBase"]
[SourceDate "2006.11.03"]
[SourceVersion "1"]
[SourceVersionDate "2006.11.03"]
[SourceQuality "1"]

1. d4 d5 2. Nf3 c6 3. c4 e6 4. e3 Nf6 5. Nc3 Nbd7 6. Bd3 dxc4 7. Bxc4 b5 8. Bd3 Bb7 9. e4 b4 10. Na4 Be7 11. 0-0 0-0 12. Bg5 c5 13. e5 Ne4 14. Bxe7 Qxe7 15. Qe2 f5 16. exf6 Ndxf6 17. Nxc5 Nxc5 18. dxc5 Qxc5 19. Rac1 Qh5 20. Ne5 Qxe2 21. Bxe2 Nd5 22. Bf3 Rf5 23. Rfe1 Raf8 24. Bg4 R5f6 25. Nd7 Nf4 26. Nxf6+ Rxf6 27. Rc7 Bd5 28. Rxa7 Rg6 29. f3 h5 30. Bxe6+ 1/2-1/2

[Event "GER-chT Seniors 15th"]
[Site "Bad Blankenburg"]
[Date "2006.09.05"]
[Round "3.2"]
[White "Rosen, Willy"]
[Black "Jaenig, Reinhard"]
[Result "1/2-1/2"]
[WhiteElo "2301"]
[BlackElo "2178"]
[PlyCount "118"]
[EventDate "2006.09.03"]
[EventType "team-swiss"]
[EventRounds "7"]
[EventCountry "GER"]
[SourceTitle "CBM 114 Extra"]
[Source "ChessBase"]
[SourceDate "2006.11.03"]
[SourceVersion "1"]
[SourceVersionDate "2006.11.03"]
[SourceQuality "1"]

1. e4 c5 2. Nf3 e6 3. d4 cxd4 4. Nxd4 Bc5 5. Nb3 Bb6 6. Nc3 Ne7 7. Bf4 0-0 8. Qd2 f5 9. 0-0-0 fxe4 10. Nxe4 d5 11. Ng5 e5 12. Bxe5 Rxf2 13. Qc3 Bf5 14. Bd3 Be3+ 15. Kb1 Bxg5 16. Bxg7 Bxd3 17. Rxd3 Rf7 18. Be5 Nbc6 19. h4 Ng6 20. Bg3 Bf6 21. Qd2 Bg7 22. h5 Qf6 23. c3 Nge7 24. h6 Bh8 25. Bh4 Qg6 26. Ka1 Nf5 27. Bf2 Ne5 28. Rxd5 Ng4 29. Bc5 Ngxh6 30. Rd8+ Rxd8 31. Qxd8+ Kg7 32. Nd4 Qf6 33. Qc8 Kg6 34. Nf3 Bg7 35. a3 Qc6 36. Qxc6+ bxc6 37. Rd1 Ng4 38. Rd8 Ne5 39. Nd4 Nxd4 40. cxd4 Nc4 41. Rc8 Rf1+ 42. Ka2 Rf2 43. Rxc6+ Kf5 44. Bxa7 Nxb2 45. g4+ Kg5 46. Kb3 Rf7 47. Bc5 Nd3 48. Bb6 Kxg4 49. a4 Rd7 50. a5 Bxd4 51. Rc4 Ne5 52. Rxd4+ Rxd4 53. Bxd4 Nc6 54. a6 Nxd4+ 55. Kc4 Nc6 56. Kc5 Na7 57. Kb6 Nc8+ 58. Kb7 Na7 59. Kb6 Nc8+ 1/2-1/2

[Event "GER-chT Seniors 15th"]
[Site "Bad Blankenburg"]
[Date "2006.09.03"]
[Round "1.2"]
[White "Rapoport, Vladimir"]
[Black "Jaenig, Reinhard"]
[Result "0-1"]
[WhiteElo "2293"]
[BlackElo "2178"]
[PlyCount "82"]
[EventDate "2006.09.03"]
[EventType "team-swiss"]
[EventRounds "7"]
[EventCountry "GER"]
[SourceTitle "CBM 114 Extra"]
[Source "ChessBase"]
[SourceDate "2006.11.03"]
[SourceVersion "1"]
[SourceVersionDate "2006.11.03"]
[SourceQuality "1"]

1. c4 c5 2. Nf3 Nc6 3. Nc3 e5 4. g3 g6 5. Bg2 Bg7 6. d3 Nge7 7. h4 h6 8. Bd2 d5 9. cxd5 Nxd5 10. Kf1 Be6 11. a3 Qd7 12. Ne4 b6 13. Qa4 Nd4 14. Nd6+ Ke7 15. Qxd7+ Kxd7 16. Nc4 Nxf3 17. Bxf3 Rad8 18. Kg2 f5 19. Rad1 Ke7 20. e3 Rd7 21. Be2 Rhd8 22. Bc1 Nc7 23. b3 Bd5+ 24. f3 e4 25. dxe4 fxe4 26. f4 Bc3 27. a4 Bxc4 28. bxc4 Bd2 29. Kf2 Bxc1 30. Rxd7+ Rxd7 31. Rxc1 Rd2 32. Ra1 Ne8 33. a5 Nd6 34. axb6 axb6 35. Rb1 Nxc4 36. Rb3 Rb2 37. Rc3 Nd6 38. g4 Ke6 39. Ke1 Kd5 40. Ra3 c4 41. Kd1 Nb5 0-1

[Event "GER-ch Seniors 18th"]
[Site "Dresden"]
[Date "2006.07.23"]
[Round "2"]
[White "Schneider, Siegfried"]
[Black "Jaenig, Reinhard"]
[Result "0-1"]
[WhiteElo "1691"]
[BlackElo "1990"]
[PlyCount "80"]
[EventDate "2006.07.22"]
[EventType "swiss"]
[EventRounds "9"]
[EventCountry "GER"]
[SourceTitle "EXT 2022"]
[Source "ChessBase"]
[SourceDate "2021.10.06"]
[SourceVersion "1"]
[SourceVersionDate "2021.10.06"]
[SourceQuality "1"]

1. e4 c5 2. Nf3 e6 3. d4 cxd4 4. Nxd4 Bc5 5. c4 Qb6 6. Be3 Nc6 7. Nb5 Bxe3 8. fxe3 a6 9. Nd6+ Ke7 10. Qd2 Nf6 11. Be2 Ne5 12. Nxc8+ Raxc8 13. Nc3 Nxc4 14. Bxc4 Rxc4 15. Rd1 Rd8 16. Qd3 Rc6 17. 0-0 Qxb2 18. e5 Qxc3 19. exf6+ gxf6 20. Qxh7 Qxe3+ 21. Kh1 Qg5 22. Qd3 d6 23. Rb1 Rd7 24. Qf3 Rcc7 25. h3 b5 26. Qa8 Rc2 27. Qf3 Rdc7 28. Rbd1 Rxa2 29. Rfe1 Rcc2 30. Qb7+ Kf8 31. Rg1 Qg3 32. Qa8+ Kg7 33. Rd4 Kh7 34. Qe4+ f5 35. Qf3 Qxf3 36. Rh4+ Qh5 37. Rxh5+ Kg6 38. Rh8 b4 39. Rg8+ Kh7 40. Rg3 Rc3 0-1